00755nam a2200265 a 4500001001300000003000900013005001700022008004100039020002300080082001600103100002100119245002000140260004400160300000900204500003500213505002200248650002000270650001900290650002000309700002100329902000800350942000700358952010900365999001500474nice12345678IN_TiNIC20260116012939.0050524s1993 dela grp 000 0 eng  a8171008 c60000a320.55bGRO aGrover, Verinder aAbul Kalam Azad aDelhibDeep and Deep Publicationsc1993 a575p aincludes index and biblioraphy2 aAppendices, Index aAbul Kalam Azad aIndia-Politics aIndia-Education1 aGrover, Verinder bSRS cBK 00104070aHMIbHMId2007-04-05g600.00l4o320.55 GROp014704r2020-09-18s2020-02-20w2026-01-16yEB c9011d9011